5HLuxD.jpg

KING HENRY VIII SENIOR AND PRIMARY SCHOOL LIBRARY OPAC

Mandarin for Cambridge IGCSE: (Record no. 1741)

000 -LEADER
fixed length control field 01521nam a22002417a 4500
005 - DATE AND TIME OF LATEST TRANSACTION
control field 20230125103820.0
008 - FIXED-LENGTH DATA ELEMENTS--GENERAL INFORMATION
fixed length control field 230125b ||||| |||| 00| 0 eng d
020 ## - INTERNATIONAL STANDARD BOOK NUMBER
International Standard Book Number 9781108738910
040 ## - CATALOGING SOURCE
Transcribing agency KH8
082 ## - DEWEY DECIMAL CLASSIFICATION NUMBER
Classification number 495.1 MAK
100 ## - MAIN ENTRY--PERSONAL NAME
Personal name Mak, Martin
Relator term author
245 ## - TITLE STATEMENT
Title Mandarin for Cambridge IGCSE:
Remainder of title Workbook/
Statement of responsibility, etc. Martin Mak, Xixia Wang, Ivy Liu So Ling
260 ## - PUBLICATION, DISTRIBUTION, ETC.
Name of publisher, distributor, etc. Cambridge University Press,
Date of publication, distribution, etc. 2020.
300 ## - PHYSICAL DESCRIPTION
Extent 134 p. ;
Other physical details b&w ill. :
Dimensions 28 cm.
505 ## - FORMATTED CONTENTS NOTE
Formatted contents note Unit A. Everyday activities: 1. Greetings and introductions; 2. Family and pets; 3. Everyday life; 4. Hobbies; 5 Eating and drinking; Unit B. Personal and social life: 6. Health and fitness; 7. Home life; 8. Clothes; 9. Shopping; 10. Living environment; 11. School routine; 12. School facilities; Unit C. The world around us; 13. Weather and climate; 14. Transportation; 15. Holidays Travel experiences; 16. Holidays: Planning a trip; 17. Public services and customs; Unit D. The world of work: 18. Work experience; 19. Applying for a job; 20. Future education and career plans; Unit E: International world: 21. Interviewing Chinese celebrities; 22. Technology and social media; 23. Chinese festivals; 24. Learning Chinese as a foreign language; 25. Saving the planet.
650 ## - SUBJECT ADDED ENTRY--TOPICAL TERM
Topical term or geographic name entry element Workbook
650 ## - SUBJECT ADDED ENTRY--TOPICAL TERM
Topical term or geographic name entry element Chinese language Examinations
650 ## - SUBJECT ADDED ENTRY--TOPICAL TERM
Topical term or geographic name entry element Chinese language Examinations Study guides
700 ## - ADDED ENTRY--PERSONAL NAME
Personal name Liu So Ling, Ivy
Relator term author
700 ## - ADDED ENTRY--PERSONAL NAME
Personal name Xixia, Wang
Relator term author
710 ## - ADDED ENTRY--CORPORATE NAME
Corporate name or jurisdiction name as entry element Cambridge Assessment International Education
942 ## - ADDED ENTRY ELEMENTS (KOHA)
Source of classification or shelving scheme
Koha item type Teaching Resources
Holdings
Withdrawn status Lost status Source of classification or shelving scheme Damaged status Not for loan Collection code Permanent Location Current Location Shelving location Date acquired Total Checkouts Full call number Barcode Date due Date last seen Date last checked out Price effective from Koha item type
          Teaching Resources KH8 Senior School Library KH8 Senior School Library Staff Office 2023-01-25 4 495.1 MAK TRKHSL000304 2026-07-03 2025-07-01 2025-07-01 2023-01-25 Teaching Resources

Powered By KH8 IT Dept